Statistics for Groups of Countries

Click here to take the quiz!

General Stats

  • This quiz has been taken 177 times
  • The average score is 43 of 60

Answer Stats

HintAnswer% Correct
G7United Kingdom
99%
BRICSRussia
98%
Shanghai PactRussia
98%
BRICSChina
97%
Shanghai PactChina
97%
G7United States
97%
G7France
96%
G7Germany
96%
DACHGermany
96%
G7Japan
96%
G7Canada
94%
G7Italy
94%
PIGSItaly
94%
Shanghai PactIndia
93%
BRICSIndia
93%
BeneluxNetherlands
93%
BeneluxBelgium
92%
BRICSBrazil
90%
Gulf Cooperation CouncilSaudi Arabia
88%
ANZAustralia
87%
PIGSSpain
87%
BeneluxLuxembourg
86%
DACHAustria
85%
ANZNew Zealand
84%
PIGSPortugal
82%
Next ElevenSouth Korea
82%
Gulf Cooperation CouncilUnited Arab Emirates
80%
Visegrád GroupPoland
79%
Next ElevenIndonesia
78%
Gulf Cooperation CouncilOman
77%
Visegrád GroupHungary
75%
Gulf Cooperation CouncilKuwait
75%
Gulf Cooperation CouncilQatar
75%
DACHSwitzerland
75%
Next ElevenIran
74%
BRICSSouth Africa
74%
PIGSGreece
73%
Visegrád GroupCzech Republic
72%
Visegrád GroupSlovakia
72%
Gulf Cooperation CouncilBahrain
71%
Next ElevenVietnam
68%
Next ElevenPakistan
67%
Shanghai PactPakistan
67%
Next ElevenMexico
66%
Next ElevenPhilippines
57%
Next ElevenTurkey
57%
Next ElevenEgypt
51%
Next ElevenBangladesh
50%
Shanghai PactKazakhstan
42%
Next ElevenNigeria
42%
CEFTASerbia
37%
Shanghai PactTajikistan
34%
Shanghai PactUzbekistan
34%
CEFTAAlbania
33%
Shanghai PactKyrgyzstan
33%
CEFTABosnia and Herzegovina
32%
CEFTAKosovo
29%
CEFTAMacedonia
28%
CEFTAMontenegro
28%
CEFTAMoldova
22%

Score Distribution

Percentile by Number Answered

Percent of People with Each Score

Your Score History

You have not taken this quiz